000 00823nam a2200253Ia 4500
003 OSt
005 20221005113009.0
006 a|||||r|||| 00| 0
007 ta
008 221004b |||||||| |||| 00| 0 pan d
020 _a9788171165988 (hbk)
_c150
024 _a12359
037 _b823, 13/03/2014, H.K. Prakashan
_cTextual
040 _aCRL
_cCRL
_bpan
041 _2pan
_apan
082 _aO153,1NSAx, Q3
100 _aਸਤਨਾਮ ਕੌਰ
245 0 _aਦਰਦ ਦਿਨਾਂ ਦੇ
260 _aਦਿੱਲੀ
_bਨੈFਨਲ ਬੁੱਕ Fਾਪ ਭਾਰਤ
_c2013
300 _a96ਪੰ
_ccm.
650 _aਪੰਜਾਬੀ ਸਾਹਿਤ
942 _hO153,1NSAx, Q3
_cTEXL
_2cc
999 _c1026685
_d1026685